Quizzes
Events
Quiz Creation
Community
Videos
Private Events
Remove Ads
Sign In
Join for FREE
Feedback
Dark Mode
Quiz Categories
Sports
Geography
Music
Movies
Television
Just For Fun
Miscellaneous
History
Literature
Language
Science
Gaming
Entertainment
Religion
Holiday
For Kids
Quiz Lab
Recent
Popular Today
Quiz Kudos Today
Editor Picks
Curator Picks
Quizzes by...
Day
Popularity
Type
Ratings
Length
Year
Community
Subscriptions
Recent Discussions
Orange Saloon
Badges
Playlists
Quests
Create
Leaderboards
Showdown
Live 5
Trivia Bingo
Activity
Puzzle Library
Sporcle Events
Private Events
Virtual Trivia
Globe League
Become a Host
Pub Owners
SporcleCon
Opinionation
Our Games
Videos
Blog
Mobile Apps
Partnerships
Remove Ads and Go Orange
Feedback
Sports
Athletes
MLB
NBA
NHL
NFL
Soccer
Sports Teams
WWE
NCAA
Football
Premier League
Basketball
Baseball
Hockey
Golf
Tennis
Cricket
Rugby
Auto Racing
Olympics
World Cup
Sports
Athletes
MLB
NBA
NHL
NFL
Soccer
Sports Teams
WWE
NCAA
Football
Premier League
Basketball
Baseball
Hockey
Golf
Tennis
Cricket
Rugby
Auto Racing
Olympics
World Cup
Random Quiz
Search Sporcle
×
Quiz Lab
Quiz Lab
Sports
Receiver
Type in answers that appear in a list
Type in answers that appear in a list
Classic
Best Score? Go Orange.
Top 20 FBS WRs (Receiving Yards) 2009 Stats
Can you name the Top 20 FBS WRs (Receiving Yards) 2009?
By
alyu13
10m
20 Questions
52 Plays
52 Plays
52 Plays
Comments
Comments
Give Quiz Kudos
Give Quiz Kudos
-
- Ratings
hide this ad
Replay
Link that replays current quiz
Next Quiz
Link to next quiz in quiz playlist
You Got
0%
They Got
Avg Score
18%
Avg Friend Score
Upgrade to see
Score Distribution
Jump to the score distribution portion of the page
Score
0/20
Timer
10:00
0
Plays Today
Receiving Yds
Receiver
% Correct
1131
Damaris Johnson
53.8%
1496
Golden Tate
42.3%
1485
Jordan Shipley
32.7%
1113
Jeremy Williams
28.8%
1154
Demaryius Thomas
26.9%
1198
Antonio Brown
21.2%
1150
Tim Brown
21.2%
1770
Freddie Barnes
17.3%
1120
Ryan Broyles
17.3%
1111
Jonathan Baldwin
17.3%
Receiving Yds
Receiver
% Correct
1337
Dezmon Briscoe
15.4%
1339
Emmanuel Sanders
13.5%
1590
Greg Salas
11.5%
1191
Mardy Gilyard
11.5%
1781
Danario Alexander
9.6%
1214
James Cleveland
5.8%
1188
David Reed
3.8%
1159
Eric Page
3.8%
1135
Shay Hodge
3.8%
1101
Jerrel Jernigan
3.8%
Quiz Playlist
Details
Report
Send in Message
Add To Playlist
Classic:
Type in answers that appear in a list
Last Updated: Feb 16, 2017
Quiz Scoreboard
CHALLENGE
Sign Up to Join the Scoreboard
Show All
Scores
Hide
Comments
May contain spoilers
Recently Published
Popular People in 1961
by mucciniale
History
6m
1-10 Letter E Words III
by El_Dandy
Language
2m
One Thing in Common: World Cities II
by knightlancer
Geography
7m
More to Explore
Quiz From the Vault
Featured Blog Post
Where Did the Easter Bunny Come From?
hide this ad
You Might Also Like...
Tags
2009
FBS
Receiver
Receiving
Receiving Yards
team
Top 20
WRS
Yard
Yds
Today's Top Quizzes in Sports
Browse Sports
hide this ad
Today's Top Quizzes in Receiver
Browse Receiver
Top Contributed Quizzes in Sports
1
Les meilleurs buteurs des matchs entre le PSG et l’OM
2
Les entraîneurs de l'OM et du PSG au 21e siècle
3
FIFA Club World Cup Champions
4
2022 World Cup Stars
5
Name the Premier League winners with different clubs
6
La finale Lions - Afrique du Sud 2021
7
Criteria MLB: Left Handed Sluggers
8
Players with Multiple 50 Home Run Seasons
9
MLB Players with Two .350 Batting Average Seasons
10
MLB Hall of Famer by Rings
Explore More
Trending Topics
Marvel
NBA
Disney
Crossword
Kpop
Harry Potter
Anime
Song
WWE
Soccer
Pokémon
Puzzle
NFL
The Office
Country
hide this ad
More By:
alyu13
Quiz
Plays
Rating
Category
Featured
Created
Current NFL Stars- What College?
299
3.00
Sports
Aug 7, 2010
Top 15 BCS QBs (QB Rating) 2009
238
3.33
Sports
Aug 7, 2010
AP Top 25 NCAAF 2009 Final Rankings
211
2.20
Sports
Aug 7, 2010
Current NBA Players 7-1 and Taller
179
4.50
Sports
Jun 20, 2011
Professional Athletes From Oregon State
75
5.00
Sports
Jun 6, 2011
Go to Creator's Profile
Score Distribution
Quiz Creator Spotlight
alyu13
Follow
Send a Message
Quizzes Created
-
Created Quiz Play Count
-
More By This Creator
Popular Quizzes Today
1
Find the US States - No Outlines Minefield
2
Find the Countries of Europe - No Outlines Minefield
3
The Countries of the World
4
Popular People in 1961
5
1-10 Letter E Words III
6
Find the US States
7
US States
8
One Thing in Common: World Cities II
More Sports Quizzes
First XI: McClaren - England
Quiz Lab
Trending Quizzes
Risky Map Clicking: Least Populous States A-Z
1-10 Letter F Words
1-10 Letter G Words
One Thing in Common: United Kingdom
Risky Map Clicking: Next State Alphabetically
Recently Updated
Leaping Animals
pecheneg
Reality TV Shows (A-Z)
bhenderson79
Rickey Henderson's Hall of Fame Teammates
pecheneg
Champions League XIs: Arsenal
pecheneg
Quick Pick: Celebrities in WWE's Hall of Fame
aduchscher
A-Z Keypad Blitz II
pecheneg
Multiple Oscar Actors
pecheneg
Mystery Phrase Blitz: Oscar 'Best Actors'
pecheneg
F. Scott Fitzgerald Novels
LTH
Pick 3 Villains
ddd62291
Trending Topics
Harry Potter
Anime
Crossword
Kpop
NBA
Marvel
Disney
Country
NFL
Puzzle
WWE
Song
Pokémon
The Office
Soccer
Your Account Isn't Verified!
In order to create a playlist on Sporcle, you need to verify the email address you used during registration. Go to your
Sporcle Settings
to finish the process.
Report this User
Report this user for behavior that violates our
Community Guidelines
.
Details:
Send Report
Go to the Sporcle.com Mobile Site →
Comments